• 首页
  • 本馆介绍
  • 公告通知
  • 最新文献
  • 馆藏检索
  • 电子资源
  • 读者导购
  • 参考咨询
  • 我的图书馆
  • 登录
  • 详细信息显示
  • 放入我的书架
  • 预约/预借图书
  • 作者相关作品
  • 分类相关作品
  • 丛书相关作品
  • 出版社相关作品

书目信息

  • 表格格式
  • 工作单格式
  • 卡片格式
书名: Contributions to the theory of Riemann surfaces
作者: edited by L.V. Ahlfors [and others]
分册号:
分册名:
出版地: Princeton, N.J. :
 
出版社: Princeton University Press
出版时间: 1953.
页数: v, 264 p. ;
开本: 26 cm.
丛书名: Annals of mathematics studies
中图分类号:
科图分类号:
其他分类号: O184
主题词:
电子资源:
000 00923nam 2200265 a 4500
001 E0756838759
004 001120395
005 20070727155331.43
008 000 0 eng
008 4001uueng0000000
010    @a52013145
040    @aDLC @cWSU @dm.c. @dSER @dTOL @dCcBjTSG
050 00 @aQA333 @b.A4
090    @aQA333 @bA28
090    @aO184
096    @aQA333
099    @dO184@ex10
245 00 @aContributions to the theory of Riemann surfaces :@bcentennial celebration of Riemann's dissertation / @cedited by L.V. Ahlfors [and others]
260    @aPrinceton, N.J. :@bPrinceton University Press,@c1953.
300    @av, 264 p. ;@c26 cm.
440  0 @aAnnals of mathematics studies @vno. 30
504    @aIncludes bibliographies.
650  0 @aRiemann surfaces.
700 1  @aAhlfors, Lars Valerian, @d1907- @b40 @c20041220 @lNLC09 @h1615 @b40 @c20050119 @lNLC09 @h0855
852 01 @bWWJC @cJ17N @hQA333 @iA28
    
    Contributions to the theory of Riemann surfaces : : centennial celebration of Riemann's dissertation / / edited by L.V. Ahlfors [and others].-Princeton, N.J. : : Princeton University Press, , 1953.
    v, 264 p. ; ; 26 cm.- (Annals of mathematics studies no. 30 )
    Includes bibliographies.
    
    ISBN
    
●
相关链接 在E读中查询图书 在五车中查询图书 在当当中查询图书 在豆瓣中查询图书


正题名:Contributions to the theory of Riemann surfaces     索取号:O184/x10         预约/预借

序号 登录号 条形码 馆藏地/架位号 状态 备注
1 0014485   300144859   第二样本阅览室/ [索取号:O184/x10] 在馆    
唐山师范学院图书馆 欢迎您!
大连网信软件有限公司© 版权所有